The tracker on a more positive note (Record no. 82416)

MARC details
000 -LEADER
fixed length control field 00859cab a22001935a 4500
001 - CONTROL NUMBER
control field L150196
008 - FIXED-LENGTH DATA ELEMENTS--GENERAL INFORMATION
fixed length control field 100611e2010 xxk 000 0 eng d
035 ## - SYSTEM CONTROL NUMBER
System control number (Sirsi) u150196
041 0# - LANGUAGE CODE
Language code of text/sound track or separate title eng
110 2# - MAIN ENTRY--CORPORATE NAME
Corporate name or jurisdiction name as entry element Experian Business Strategies
9 (RLIN) 4789
245 04 - TITLE STATEMENT
Title The tracker on a more positive note
Remainder of title construction activity expanded for the first time in two years, but order books are below normal for the time of year, reports Experian Business Strategies.
260 ## - PUBLICATION, DISTRIBUTION, ETC.
Date of publication, distribution, etc. 2010
490 ## - SERIES STATEMENT
Series statement Building
Volume/sequential designation 275 (8633) 11 June 2010, 54-55(2)
520 ## - SUMMARY, ETC.
Summary, etc. Covers state of play, leading construction activity indicator, labour costs and UK regional perspective extracted from Experian's Business Strategies monthly Focus survey of construction activity.
590 ## - LOCAL NOTE (RLIN)
Local note KA
651 #4 - SUBJECT ADDED ENTRY--GEOGRAPHIC NAME
Geographic name United Kingdom
Chronological subdivision
690 ## - LOCAL SUBJECT ADDED ENTRY--TOPICAL TERM (OCLC, RLIN)
Topical term or geographic name as entry element BUILT ENVIRONMENT-CONSTRUCTION MARKET
942 ## - ADDED ENTRY ELEMENTS (KOHA)
Suppress in OPAC 0
Holdings
Withdrawn status Lost status Source of classification or shelving scheme Damaged status Not for loan Home library Current library Shelving location Date acquired Total Checkouts Full call number Barcode Date last seen Copy number Price effective from Koha item type
    Dewey Decimal Classification     London London Journal article 11/06/2010   L150196 150196-1001 06/08/2019 1 06/08/2019 Journal article